000 00493nam a2200181Ia 4500
005 20250326123634.0
008 250326s9999 xx 000 0 und d
037 _aTextbook
040 _aFMSL
_beng
_cFMSL
041 _aeng
_2eng
084 _aD658(B) K3
_qFMSL
100 _aBarbe E C
_9735674
245 0 _aLinear control systems
_cBarbe E C
260 _aUSA
_bUSA, International Textbook
_c1963
300 _a424p
942 _cTB
_hD658(B) K3
999 _c1270273
_d1270273